00558nam a22001817a 450000500170000000800410001702000180005804000070007604100120008308200210009510000180011624500590013426000610019330000260025436500570028065000200033765000190035720260416093547.0260416b |||||||| |||| 00| 0 eng d a9789354667947 cAL aEnglish a621.380414bCHAO aP Chakrabarti aOptoelectronic devices and optical fiber communication aNew DelhibCBS Publishers and distributors Pvt Ltdc2024 a586 p.bPBc24x17 cm. aVBI-2645b₹562.50c₹d₹750.00e25%f20-02-2026 aOptical sources aPhotodetectors